000
00459nam a22001337a 4500
003
SGT
020
_a
9788174802910
082
_a
507.954
_b
B16D
100
_a
दत्ता, सुकन्या
245
_a
भारतीय वैज्ञानिक : प्रेरणा के स्त्रोत
260
_b
विज्ञानं एवं प्रौद्योगीकी विभाग
_c
2016
300
_a
218
942
_2
ddc
_c
BK
999
_c
29289
_d
29289